Представление документа в формате MARC21

Поле Инд. ПП Название Значение
Тип записи a
Библиографический уровень b
001 Контрольный номер 93e1d85389c84ec5a51ea7c4cd94542b
005 Дата корректировки 20250314124203.0
024 80 a Стандартный номер 10.3103/S0027134924701637
040 a Служба первич. каталог. Scopus
041 0_ a Код языка текста eng
097 a Костяева О.Г.
100 1_ a Автор Voznaya U. E.
c Титул (звания) ассистент;
j Принадлежность неизвестного автора к последователям, ученикам, сторонникам, школе и т. д. государственный университет "Дубна"
k Общеобразовательные кафедры; Кафедра высшей математики
q Полное имя Возная Ульяна Евгеньевна
100 1_ a Автор Arbuzov A. B.
c Титул (звания) ; доктор физико-математических наук; профессор (должность);
i 000091216
g Прочие сведения РИНЦ AuthorID: 30344 (http://elibrary.ru/author_profile.asp?id= 30344); SPIN-код: 7532-6733 (http://elibrary.ru/author_items.asp?authorid=30344); Scopus Author ID: 7003440887 (https://www.scopus.com/authid/detail.uri?authorId=7003440887); ORCID ID: http://orcid.org/0000-0001-9326-6905; ResearcherID: J-6073-2013(http://www.researcherid.com/rid/J-6073-2013)
j Принадлежность неизвестного автора к последователям, ученикам, сторонникам, школе и т. д. государственный университет "Дубна"
k Инженерно-физический институт; Кафедра фундаментальных проблем физики микромира
q Полное имя Арбузов Андрей Борисович
u Дополнение Арбузов А. Б.; Arbuzov A. B.
245 10 a Заглавие Electron Parton Distribution Functions
513 a передано и. о. проректора по научной работе и инновациям
b 14.03.2025
773 18 t Название источника Moscow University Physics Bulletin
b Сведения об издании Allerton Press
c Russia
x ISSN 0027-1349
d Место и дата издания 2024
m Специф. данные входит в Белый список; входит в Scopus; входит в ядро РИНЦ; ненулевой импакт-фактор
q У3 Белый список; Q4 Scopus 2023
n Примечание Вестник Московского университета. Серия 3: Физика. Астрономия
w Контрольный № источника 978e978de6d7415482a3ccfa19ef6bdb
g Прочая информация V. 79(Suppl 1). - P. 184–187
901 t Тип документа b
952 c Вид литературы статья в журнале